The Advanced theory of statistics (Record no. 136505)
[ view plain ]
| 000 -LEADER | |
|---|---|
| fixed length control field | 00613nam a2200217 4500 |
| 010 ## - LIBRARY OF CONGRESS CONTROL NUMBER | |
| LC control number | 639548 |
| 035 ## - SYSTEM CONTROL NUMBER | |
| System control number | 639548 |
| 037 ## - SOURCE OF ACQUISITION | |
| Source of stock number/acquisition | Cen Lib / Ret |
| 040 ## - CATALOGING SOURCE | |
| Original cataloging agency | DPL |
| Language of cataloging | EN |
| 082 ## - DEWEY DECIMAL CLASSIFICATION NUMBER | |
| Classification number | 310.1 |
| Item number | KEN |
| 100 ## - MAIN ENTRY--PERSONAL NAME | |
| Personal name | Kendall, Maurice G. |
| 245 ## - TITLE STATEMENT | |
| Title | The Advanced theory of statistics |
| Statement of responsibility, etc | by Maurice G. Kendall [and] Alan Stuart |
| 250 ## - EDITION STATEMENT | |
| Edition statement | 5th ed |
| 260 ## - PUBLICATION, DISTRIBUTION, ETC. (IMPRINT) | |
| Place of publication, distribution, etc | London |
| Name of publisher, distributor, etc | Charles Griffin & Co |
| Date of publication, distribution, etc | 1952 |
| 270 ## - ADDRESS | |
| Address | 42, Drury Lane London |
| 300 ## - PHYSICAL DESCRIPTION | |
| Extent | v 2. 676 |
| Other physical details | 24cm(Hb) |
| 650 ## - SUBJECT ADDED ENTRY--TOPICAL TERM | |
| Topical term or geographic name as entry element | Mathematical statistics. |
| 650 ## - SUBJECT ADDED ENTRY--TOPICAL TERM | |
| Topical term or geographic name as entry element | Statistics. |
| 700 ## - ADDED ENTRY--PERSONAL NAME | |
| Personal name | Stuart, Alan |
| 942 ## - ADDED ENTRY ELEMENTS (KOHA) | |
| Source of classification or shelving scheme | Dewey Decimal Classification |
| Koha item type | English Books |
| Classification part | 310.1 |
| Call number suffix | KEN |
| Withdrawn status | Lost status | Materials specified (bound volume or other part) | Damaged status | Not for loan | Collection code | Home library | Current library | Date acquired | Source of acquisition | Total Checkouts | Full call number | Barcode | Date last seen | Price effective from | Koha item type |
|---|---|---|---|---|---|---|---|---|---|---|---|---|---|---|---|
| v 2 | Not For Loan | Reference | Central Library | Central Library | 03/03/2016 | Cen Lib/Ret | 310.1 KEN | 639548 | 03/03/2016 | 03/03/2016 | English Books |
